header

Magento 1.3 theme design (Record no. 146678)

MARC details
000 -LEADER
fixed length control field 01285nam a2200313Ia 4500
100 1# - MAIN ENTRY--AUTHOR NAME
Personal name Carter, Richard.
245 10 - TITLE STATEMENT
Title Magento 1.3 theme design
260 ## - PUBLICATION, DISTRIBUTION, ETC. (IMPRINT)
Place of publication Birmingham :
Name of publisher Packt Pub.,
Year of publication 2009.
300 ## - PHYSICAL DESCRIPTION
Number of Pages v, 170 p. :
Other physical details ill.
490 1# - SERIES STATEMENT
Series statement From technologies to solutions
500 ## - GENERAL NOTE
General note Includes index.
650 #0 - SUBJECT ADDED ENTRY--TOPICAL TERM
Topical Term Electronic commerce
Topical Term Web sites
Topical Term Web site development.
856 40 - ELECTRONIC LOCATION AND ACCESS
Uniform Resource Identifier http://site.ebrary.com/lib/rucke/Doc?id=10433570

No items available.

© 2026 Rongo University
Contact us: librarian | system librarian | Rongo university